| 000 | 00605nam a2200181 a 4500 | ||
|---|---|---|---|
| 001 | 000033619 | ||
| 005 | 20200930070406.0 | ||
| 008 | 110331s1943 dr r 000 0 spa d | ||
| 040 |
_aDO-SdBNP _bspa _cBNPHU |
||
| 082 |
_axxxx _bA367c |
||
| 100 | 1 |
_aAlemar, Luis E. _934472 |
|
| 245 | 1 | 3 |
_aSanto Domingo, Ciudad Trujillo / _cLuis E. Alemar ; prólogo pedro J. Santiago. |
| 260 |
_aSantiago, República Dominicana : _bEditorial el Diario, _c1943. |
||
| 300 |
_a341 p. : _bil., retrs. ; _c24 cm. |
||
| 500 | _aIncluye índice | ||
| 590 | _aInventariado, 2019/BT | ||
| 700 | 1 |
_aSantiago, Pedro J. _epról. _945327 |
|
| 999 |
_c33110 _d33110 |
||